000 00899nam a2200205Ia 4500
003 GCL
008 140319s9999 xx 000 0 ara d
040 _aGCL /
_cGCL
082 0 4 _a330.956
_bا و
100 1 _aابراهيم سعدالدين عبدالله
245 1 0 _aالوطن العربى ومشروعات التكامل البديلة: اعمال المؤتمر العلمى الثالث للجمعية العربية للبحوث الاقتصادية /
_cابراهيم سعدالدين عبدالله
300 _a696 ص
490 _aمركز دراسات الوحده العربية
_v0
650 0 4 _aالاقتصاد
650 0 4 _aالنفط العربى
650 0 4 _aالصراع العربى الاسرائيلى
650 0 4 _aالتكامل الاقتصادى - البلادالعربية
650 0 4 _aالمشروعات العربية المشتركة
942 _2ddc
_cBK
999 _c50904
_d50904